00535nam a2200169Ia 450000500170000000800410001702000160005808200130007410000140008724500350010126000610013630000120019750000400020994200060024995200950025599900150035020250701162825.0240331s9999 xx 000 0 und d a95582100408 bBANa630 aBandara,T 0aShistacharaye miniwala kaneema aRatmalanabThathana Marasinghe Memorial Foundationc2000 a87 p ., aDigging the Grave of a Civilization cL 001040708LaWERCLbWERCLcSSCd2024-03-31l0o 630 BANp6363r2024-03-31w2024-03-31yL c5177d5177